000 00401nam a2200133Ia 4500
008 100328s9999 xx 000 0 und d
082 _b4148
100 _aवरेरकर भार्गवराम विठ्ठल
245 _aकपालकुंडल
260 _bनवभारत
630 _aकपालकुंडल
730 _aकपालकुंडल
942 _cBOOK
999 _c500245
_d500242